Economics and industrial efficiency : an introduction to managerial economics /
Guardado en:
| Autor Principal: | |
|---|---|
| Formato: | Libro |
| Idioma: | English |
| Publicado: |
London :
MacMillan,
1970.
|
| Edición: | 3. ed. |
| Etiquetas: |
Agregar Etiqueta
Sin Etiquetas, Sea el primero en etiquetar este registro!
|
| LEADER | 00480nam a22001575a 4500 | ||
|---|---|---|---|
| 001 | EUN.um034993 | ||
| 003 | AR-BaUNS | ||
| 005 | 20050623122908.0 | ||
| 008 | 041125s1970####xxk###########000#0#eng#d | ||
| 245 | 1 | 0 | |a Economics and industrial efficiency : |b an introduction to managerial economics / |c H. Speight. |
| 260 | |a London : |b MacMillan, |c 1970. | ||
| 300 | |a 266 p. | ||
| 100 | 1 | |a Speight, H. | |
| 082 | 0 | 4 | |a 658.01 |
| 250 | |a 3. ed. | ||
| 859 | |a Ar-BaUNS |b BIB. CENTRAL - Sector C |h 658.01 |i Sp32 |p 75420/976 | ||
